[Event "RN-2017-0-01296"]
[Site "LSS email"]
[Date "2017.05.29"]
[Round "?"]
[White "Babos, Istvan"]
[Black "Venturas, Bob"]
[Result "1/2-1/2"]
[WhiteElo "977"]
[BlackElo "670"]
[PlyCount "75"]
[EventDate "2017.05.19"]
[EventType "tourn (corr)"]
[EventRounds "6"]
[EventCountry "GER"]
[SourceTitle "Corr 2022"]
[Source "ChessBase"]
[SourceDate "2021.10.24"]
[SourceVersion "1"]
[SourceVersionDate "2021.10.24"]
[SourceQuality "1"]

1. e4 e5 2. Nf3 Nc6 3. d4 d5 4. Nxe5 dxe4 5. Bb5 Bd7 6. Bxc6 Bxc6 7. Nc3 Qe7 8. Nxc6 bxc6 9. 0-0 Qd6 10. Nxe4 Qd5 11. Qd3 Be7 12. Bf4 Nf6 13. Nxf6+ Bxf6 14. Rfe1+ Be7 15. Re5 Qd8 16. Rae1 0-0 17. Rxe7 Rc8 18. Qc4 Qd5 19. Qxd5 cxd5 20. Bxc7 a6 21. c3 f6 22. Ba5 Rf7 23. Rxf7 Kxf7 24. f4 g6 25. Bb4 Re8 26. Rxe8 Kxe8 27. Kf2 f5 28. Kf3 Kd7 29. a4 Kc6 30. b3 Kb6 31. h3 h5 32. g3 Kc6 33. h4 Kb6 34. Ke3 Kc6 35. Kf3 Kb6 36. Ke3 Kc6 37. Kd3 Kb6 38. Ke3 1/2-1/2

[Event "RN-2017-0-01296"]
[Site "LSS email"]
[Date "2017.05.29"]
[Round "?"]
[White "Vontina, Maria"]
[Black "Babos, Istvan"]
[Result "0-1"]
[WhiteElo "749"]
[BlackElo "977"]
[PlyCount "48"]
[EventDate "2017.05.19"]
[EventType "tourn (corr)"]
[EventRounds "6"]
[EventCountry "GER"]
[SourceTitle "Corr 2022"]
[Source "ChessBase"]
[SourceDate "2021.10.24"]
[SourceVersion "1"]
[SourceVersionDate "2021.10.24"]
[SourceQuality "1"]

1. e4 e5 2. Nf3 Nc6 3. Bb5 a6 4. Ba4 Bd6 5. 0-0 Nf6 6. Re1 b5 7. Bb3 0-0 8. c3 Bb7 9. Bc2 Re8 10. d4 exd4 11. cxd4 Nb4 12. d5 Ng4 13. Bb3 Bc5 14. Rf1 Qf6 15. Nc3 a5 16. Nxb5 Qb6 17. Nc3 Ba6 18. Na4 Nxf2 19. Nxb6 Nxd1+ 20. Kh1 Bxf1 21. Nxa8 Nf2+ 22. Kg1 Be2 23. Nxc7 Nbd3 24. Bc4 Nh3+ 0-1

[Event "RN-2017-0-01271"]
[Site "LSS email"]
[Date "2017.03.29"]
[Round "?"]
[White "Babos, Istvan"]
[Black "Newton, Daryl"]
[Result "1-0"]
[WhiteElo "888"]
[BlackElo "340"]
[PlyCount "53"]
[EventDate "2017.03.18"]
[EventType "tourn (corr)"]
[EventRounds "6"]
[EventCountry "GER"]
[SourceTitle "Corr 2022"]
[Source "ChessBase"]
[SourceDate "2021.10.24"]
[SourceVersion "1"]
[SourceVersionDate "2021.10.24"]
[SourceQuality "1"]

1. d4 e6 2. Nc3 d6 3. Nf3 Nf6 4. e4 b6 5. d5 Qe7 6. Bd3 Bb7 7. 0-0 e5 8. Bb5+ c6 9. dxc6 Nxc6 10. Nd5 Nxd5 11. exd5 Qc7 12. Re1 Be7 13. Re3 a6 14. Bxc6+ Bxc6 15. Rc3 e4 16. Nd4 Rc8 17. Qg4 Bf6 18. Rxc6 h5 19. Qxe4+ Qe7 20. Rxc8+ Kd7 21. Qxe7+ Bxe7 22. Rxh8 Bf6 23. Be3 g6 24. Ra8 a5 25. Nc6 g5 26. Bxb6 Bxb2 27. Rd8# 1-0

[Event "RN-2017-0-01271"]
[Site "LSS email"]
[Date "2017.03.29"]
[Round "?"]
[White "Cherry, Brian"]
[Black "Babos, Istvan"]
[Result "0-1"]
[WhiteElo "426"]
[BlackElo "888"]
[PlyCount "46"]
[EventDate "2017.03.18"]
[EventType "tourn (corr)"]
[EventRounds "6"]
[EventCountry "GER"]
[SourceTitle "Corr 2022"]
[Source "ChessBase"]
[SourceDate "2021.10.24"]
[SourceVersion "1"]
[SourceVersionDate "2021.10.24"]
[SourceQuality "1"]

1. e4 e6 2. Nf3 d5 3. e5 Ne7 4. d4 c5 5. dxc5 Nd7 6. b4 a5 7. Bd2 axb4 8. Bxb4 Nc6 9. Bc3 Bxc5 10. Bd3 d4 11. Bb2 Qb6 12. Ba3 Bxa3 13. Nxa3 Rxa3 14. 0-0 Ndxe5 15. Be2 Nxf3+ 16. Bxf3 Qc5 17. Qd2 0-0 18. Rfd1 e5 19. Re1 Nb4 20. Rab1 Nxc2 21. Rec1 d3 22. Bd1 Qc3 23. Qxc3 Rxc3 0-1